000 00929nam a2200301 i 4500
003 EG-GICUC
005 20260219204519.0
008 260219s1964 sz ||||fr|||| 00| 0 fre d
040 _aEG-GiCUC
_bfre
_cEG-GiCUC
_dEG-GiCUC
_eRda
082 0 4 _221
_a341.33
_bCA . D
092 0 4 _221
099 _aLaw1 11 341.33 CA . D 1964
100 1 _aCahier, Philippe
_eAuteur
245 1 3 _aLe Droit Diplomatique Contemporain /
_b
_n
_cPhilippe Cahier.
250 _a2 Édition
264 1 _aGenève :
_bLibrairie Droz,
_c1964.
300 _a534page :
_billustration ;
_c 24 cm.
336 _2rda contenu
_a texte
337 _2rda medias
_aOrdinateur
338 _2 transporteur rda
_a Ressource en ligne
504 _a
546 _aTexte en français
650 1 4 _aDroit international public
_2
651 1 _2
856 4 0 _uhttps://fll.law.cu.edu.eg/fulltext/bks/B11-07940.pdf
905 _a50
942 _2ddc
_cBK
_e21
_n0
999 _c63871
_d63871